| 000 | 02316nam0a2200373 i 4500 | ||
|---|---|---|---|
| 001 | RU\NLR\BIBL_A\010194905 | ||
| 005 | 20240921121701.0 | ||
| 010 |
_a9785502002127 _9200 |
||
| 021 |
_aRU _b2013-105987 _97367 |
||
| 035 | _a(NILC)RuMoRGB-006719050 | ||
| 035 | _a(NLR Aleph) 010194905 | ||
| 090 |
_a10216649 _c10216649 |
||
| 100 | _a20140226d2013 um y0rusy50 ca | ||
| 101 | 0 | _arus | |
| 102 | _aRU | ||
| 105 | _aa|||j|||000yy | ||
| 200 | 1 |
_aПрактикум по информатике _eучебное пособие для студентов высших учебных заведений, обучающихся по направлениям подготовки: 231300 "Прикладная математика", 230400 "Информационные системы и технологии" _fА. Б. Лазарева, А. В. Троицкий, Т. Е. Эварт _gМ-во образования и науки Российской Федерации, Федеральное гос. бюджетное образовательное учреждение высш. проф. образования "Нижегородский гос. технический ун-т им. Р. Е. Алексеева" (НГТУ), Арзамас. политехнический ин-т (фил. НГТУ) |
|
| 210 |
_aНижний Новгород _cНижегородский государственный технический университет _d2013 |
||
| 215 |
_a190 с. _cил. _d20 |
||
| 313 | _aMS EXCEL | ||
| 320 | _aБиблиогр.: с. 166 (11 назв.) | ||
| 606 | 1 |
_aMICROSOFT EXCEL, электронные таблицы _jУчебные издания для высших учебных заведений _xЛабораторная практика _92308674 _3RU\NLR\AUTH\661381813 |
|
| 675 | _a004(076.5) | ||
| 686 | 1 | _aЗ973.233-018.2я73-5 | |
| 700 | 1 |
_aЛазарева _bА. Б. _gАнтонина Борисовна |
|
| 701 | 1 |
_aТроицкий _bА. В. _gАлександр Витальевич |
|
| 701 | 1 | _aЭварт Татьяна Евгеньевна | |
| 801 | 0 |
_aRU _bRuMoRKP _c20131230 _gRCR |
|
| 801 | 2 |
_aRU _bРГБ _c20140120 _grcr |
|
| 801 | 1 |
_aRU _bRuMoRKP _c20131230 _2rusmarc |
|
| 942 | _cBOOK | ||
| 980 | _aNBR | ||